000 00319nam a2200157Ia 4500
100 _aMaurus/J
650 _aPHILOPSOPHY
942 _cBK
366 _f25
245 _aTODAY IS OURS
260 _bBETTER YOURSELF BOOK
_aBandra
_c1971
082 _a170/MAU
_bMAU
300 _a371
546 _aENGLISH
999 _c34087
_d34087